Statystyki dla 15 krajów o największej liczbie zgonów Covid19 - 11 czerwca

Kliknij tutaj aby rozwiązać quiz!

Ogólne statystyki

  • Ten quiz został rozwiązany 20 razy
  • Średni wynik to 12 z 20

Statystyki odpowiedzi

kraj% Poprawnych
Stany Zjednoczone
100%
Brazylia
89%
Hiszpania
84%
Kanada
84%
Rosja
84%
Niemcy
79%
Włochy
79%
Francja
68%
Meksyk
68%
Wielka Brytania
68%
Indie
58%
Portugalia
58%
Iran
53%
Belgia
47%
Szwecja
47%
Holandia
37%
Irlandia
37%
Peru
32%
Szwajcaria
26%
Ekwador
21%

Rozkład punktacji

Percentyl według liczby udzielonych odpowiedzi

Procent ludzi z każdym wynikiem

Twoja historia wyników

Nie rozwiązałeś tego quizu